MDQL
is popping MORE tags! Check the
thread
!
Quizzes
Events
Quiz Creation
Community
Videos
Private Events
Remove Ads
Sign In
Join for FREE
Feedback
Dark Mode
Quiz Categories
Sports
Geography
Music
Movies
Television
Just For Fun
Miscellaneous
History
Literature
Language
Science
Gaming
Entertainment
Religion
Holiday
For Kids
Quiz Lab
Recent
Popular Today
Quiz Kudos Today
Editor Picks
Curator Picks
Quizzes by...
Day
Popularity
Type
Ratings
Length
Year
Community
Subscriptions
Recent Discussions
Orange Saloon
Badges
Playlists
Quests
Create
Leaderboards
Showdown
Live 5
Trivia Bingo
Activity
Puzzle Library
Sporcle Events
Private Events
Virtual Trivia
Globe League
Become a Host
Pub Owners
SporcleCon
Opinionation
Our Games
Videos
Blog
Mobile Apps
Partnerships
Remove Ads and Go Orange
Feedback
Movies
Disney
Marvel Cinematic Universe
Movie Resume
Movie Titles
Oscar
Actor
Actress
Director
Pixar
Role
Movie Quotes
Movie Characters
Box Office
Nominee
Best Picture
Star Wars
James Bond
Horror Movies
Movies
Disney
Marvel Cinematic Universe
Movie Resume
Movie Titles
Oscar
Actor
Actress
Director
Pixar
Role
Movie Quotes
Movie Characters
Box Office
Nominee
Best Picture
Star Wars
James Bond
Horror Movies
Random Quiz
Search Sporcle
×
Quiz Lab
Quiz Lab
Movies
Oscar
Type in answers that appear in a list
Type in answers that appear in a list
Classic
Best Score? Go Orange.
Lions, Tigers and Oscar Nominations Oh My! Stats
Can you name the films for which these actresses were nominated for an Oscar?
By
gvilleguy1124
20m
137 Questions
150 Plays
150 Plays
150 Plays
Comments
Comments
Give Quiz Kudos
Give Quiz Kudos
-
- Ratings
hide this ad
Replay
Link that replays current quiz
Next Quiz
Link to next quiz in quiz playlist
You Got
0%
They Got
Avg Score
52%
Avg Friend Score
Upgrade to see
Score Distribution
Jump to the score distribution portion of the page
Score
0/137
Timer
20:00
0
Plays Today
Actress
Film
% Correct
Cate Blanchett
Blue Jasmine
93.8%
Meryl Streep
Kramer vs. Kramer
92%
Meryl Streep
Sophie's Choice
90.7%
Cate Blanchett
Elizabeth
90.6%
Meryl Streep
The Iron Lady
90%
Kate Winslet
Titanic
88.7%
Cate Blanchett
The Aviator
87.5%
Meryl Streep
Julie & Julia
87.3%
Katharine Hepburn
On Golden Pond
87.3%
Jane Fonda
On Golden Pond
87.3%
Kate Winslet
The Reader
87.3%
Meryl Streep
The Deer Hunter
86%
Glenn Close
Fatal Attraction
85.3%
Meryl Streep
Into the Woods
85.2%
Meryl Streep
The Devil Wears Prada
84.7%
Judi Dench
Shakespeare in Love
84.7%
Meryl Streep
August: Osage County
84.4%
Bette Davis
All About Eve
82%
Thelma Ritter
All About Eve
82%
Cate Blanchett
Notes on a Scandal
81.3%
Sissy Spacek
Coal Miner's Daughter
80.7%
Katharine Hepburn
Guess Who's Coming to Dinner
80%
Judi Dench
Philomena
78.1%
Meryl Streep
Out of Africa
78%
Meryl Streep
Doubt
77.3%
Sissy Spacek
Carrie
76.7%
Cate Blanchett
Elizabeth: The Golden Age
75%
Katharine Hepburn
The Lion in Winter
74.7%
Meryl Streep
Silkwood
74%
Jessica Lange
Tootsie
74%
Ellen Burstyn
Alice Doesn't Live Here Anymore
73.3%
Jessica Lange
Blue Sky
73.3%
Jane Fonda
Klute
72%
Jane Fonda
Julia
72%
Vanessa Redgrave
Julia
72%
Meryl Streep
Adaptation
71.3%
Ellen Burstyn
Requiem for a Dream
71.3%
Kate Winslet
Eternal Sunshine of the Spotless Mind
71.3%
Kate Winslet
Sense and Sensibility
70.7%
Bette Davis
Dangerous
70%
Judi Dench
Iris
70%
Maggie Smith
The Prime of Miss Jean Brodie
70%
Kate Winslet
Iris
70%
Meryl Streep
The Bridges of Madison County
69.3%
Katharine Hepburn
The Philadelphia Story
69.3%
Bette Davis
Jezebel
68.7%
Actress
Film
% Correct
Glenn Close
Albert Nobbs
68.7%
Kate Winslet
Little Children
68.7%
Jane Fonda
Coming Home
68%
Ingrid Bergman
Gaslight
68%
Judi Dench
Notes on a Scandal
67.3%
Sissy Spacek
In the Bedroom
67.3%
Ellen Burstyn
The Exorcist
66.7%
Ingrid Bergman
Murder on the Orient Express
66%
Cate Blanchett
I'm Not There
65.6%
Meryl Streep
Music of the Heart
64.7%
Bette Davis
What Ever Happened to Baby Jane?
64.7%
Greer Garson
Mrs. Miniver
64.7%
Maggie Smith
Gosford Park
64.7%
Meryl Streep
Ironweed
64%
Deborah Kerr
From Here to Eternity
64%
Judi Dench
Mrs. Brown
63.3%
Geraldine Page
The Trip to Bountiful
62.7%
Ingrid Bergman
Anastasia
62.7%
Meryl Streep
The French Lieutenant's Woman
60.7%
Katharine Hepburn
The African Queen
60%
Glenn Close
Dangerous Liaisons
60%
Judi Dench
Mrs. Henderson Presents
59.3%
Meryl Streep
A Cry in the Dark
58.7%
Katharine Hepburn
Morning Glory
58.7%
Meryl Streep
Postcards from the Edge
58%
Glenn Close
The Big Chill
56%
Deborah Kerr
The King and I
56%
Maggie Smith
California Suite
56%
Meryl Streep
One True Thing
55.3%
Jane Fonda
The China Syndrome
54.7%
Glenn Close
The World According to Garp
54%
Bette Davis
Now, Voyager
50.7%
Jane Fonda
They Shoot Horses, Don't They?
50%
Judi Dench
Chocolat
50%
Katharine Hepburn
Suddenly, Last Summer
49.3%
Jessica Lange
Frances
49.3%
Vanessa Redgrave
Howards End
47.3%
Maggie Smith
A Room with a View
47.3%
Katharine Hepburn
Woman of the Year
46.7%
Glenn Close
The Natural
46.7%
Jane Fonda
The Morning After
46%
Bette Davis
Dark Victory
45.3%
Ellen Burstyn
The Last Picture Show
45.3%
Maggie Smith
Othello
44%
Sissy Spacek
Missing
44%
Ingrid Bergman
Autumn Sonata
43.3%
Actress
Film
% Correct
Bette Davis
The Little Foxes
42.7%
Ingrid Bergman
For Whom the Bell Tolls
42%
Jessica Lange
Music Box
42%
Bette Davis
The Letter
41.3%
Katharine Hepburn
Long Day's Journey Into Night
40.7%
Sissy Spacek
The River
40.7%
Katharine Hepburn
Alice Adams
40%
Jessica Lange
Country
39.3%
Geraldine Page
Sweet Bird of Youth
38%
Ingrid Bergman
The Bells of St. Mary's
36.7%
Deborah Kerr
The Sundowners
36.7%
Vanessa Redgrave
The Bostonians
36.7%
Katharine Hepburn
Summertime
36%
Greer Garson
Goodbye, Mr. Chips
36%
Vanessa Redgrave
Mary, Queen of Scots
36%
Maggie Smith
Travels with My Aunt
36%
Bette Davis
The Star
34.7%
Katharine Hepburn
The Rainmaker
34%
Geraldine Page
Interiors
34%
Greer Garson
Sunrise at Campobello
34%
Ellen Burstyn
Resurrection
34%
Jessica Lange
Sweet Dreams
33.3%
Bette Davis
Mr. Skeffington
32.7%
Thelma Ritter
Birdman of Alcatraz
32%
Ellen Burstyn
Same Time, Next Year
31.3%
Sissy Spacek
Crimes of the Heart
31.3%
Vanessa Redgrave
Isadora
30.7%
Geraldine Page
The Pope of Greenwich Village
29.3%
Ingrid Bergman
Joan of Arc
28%
Greer Garson
Mrs. Parkington
28%
Vanessa Redgrave
Morgan: A Suitable Case for Treatment
28%
Thelma Ritter
Pillow Talk
28%
Greer Garson
Madame Curie
27.3%
Deborah Kerr
Separate Tables
27.3%
Deborah Kerr
Heaven Knows, Mr. Allison
26%
Geraldine Page
Summer and Smoke
25.3%
Greer Garson
Blossoms in the Dust
25.3%
Thelma Ritter
Pickup on South Street
24.7%
Geraldine Page
Hondo
24%
Deborah Kerr
Edward, My Son
22.7%
Geraldine Page
Pete 'n' Tillie
22%
Geraldine Page
You're a Big Boy Now
20%
Greer Garson
The Valley of Decision
20%
Thelma Ritter
With a Song in My Heart
16.7%
Thelma Ritter
The Mating Season
14.7%
Quiz Playlist
Details
Report
Send in Message
Add To Playlist
Classic:
Type in answers that appear in a list
Last Updated: Feb 16, 2017
Quiz Scoreboard
CHALLENGE
Sign Up to Join the Scoreboard
Show All
Scores
Hide
Comments
May contain spoilers
Recently Published
5x2 Blitz: Bands
by SL_Kpop136
Music
30s
Colored Red Africa Blitz
by spor1
Geography
30s
Find the 'City' Movie
by crazypaving
Movies
60s
More to Explore
Quiz From the Vault
Featured Blog Post
14 Easter Pick-up Lines to Find Eggs With
hide this ad
You Might Also Like...
Tags
Actress Quiz
Oscar Quiz
lion
nomination
Tiger
Today's Top Quizzes in Movies
Browse Movies
hide this ad
Today's Top Quizzes in Oscar
Browse Oscar
Top Contributed Quizzes in Movies
1
Find The 'Big' Movie
2
Find The 'Wild' Movie
3
Find The 'Blue' Movie
4
Movies By Plot
5
Pick 5 Posters: Directed by Spielberg
6
Hidden Star Wars Character II
7
Hidden Star Wars Character III
8
Hidden Star Wars Character IV
9
Alfred Hitchcock Movies by Plot
10
Hidden Star Wars Character V
Explore More
Trending Topics
NBA
Disney
Anime
Kpop
Crossword
Harry Potter
Marvel
Song
WWE
Soccer
The Office
Pokémon
NFL
Puzzle
Country
hide this ad
More By:
gvilleguy1124
Quiz
Plays
Rating
Category
Featured
Created
100 Books, 100 Authors
64,423
4.54
Literature
Oct 15, 2011
Every Single Oscar Winning Actress Ever!
23,441
4.59
Movies
Mar 20, 2012
Lip Sync for Your Life Minefield
11,373
3.25
Television
Jan 7, 2017
ASOIAF Top 100 Characters
6,023
4.80
Literature
Jul 23, 2014
Oscar Best Actress Nominees (1960-2011)
3,042
4.80
Movies
Feb 28, 2012
Go to Creator's Profile
Score Distribution
Quiz Creator Spotlight
gvilleguy1124
Follow
Send a Message
Quizzes Created
-
Created Quiz Play Count
-
More By This Creator
Popular Quizzes Today
1
Find the 'City' Movie
2
Colored Red Africa Blitz
3
Find the US States - No Outlines Minefield
4
5x2 Blitz: Bands
5
The Countries of the World
6
Find the US States
7
US States
8
9x9 Crossword: Cartoon Network
More Movies Quizzes
Top Grossing 'W' Movies Before 2020
Published
Trending Quizzes
Colored Red Europe Blitz I
Colored Red Africa Blitz II
Colored Red Europe Blitz II
Colored Red Africa Blitz III
Colored Red Europe Blitz III
Recently Updated
Famous TV Couples
Peacemaker
Champions League XIs: Real Madrid
pecheneg
Largest US Cities 1790-2010
pecheneg
Rides in Walt Disney World
pecheneg
Most Oscar Losses (Acting)
pecheneg
Beyoncé Albums
pecheneg
Leaping Animals
pecheneg
Reality TV Shows (A-Z)
bhenderson79
Rickey Henderson's Hall of Fame Teammates
pecheneg
Champions League XIs: Arsenal
pecheneg
Trending Topics
NBA
Disney
Kpop
Anime
Marvel
Crossword
Harry Potter
NFL
WWE
Soccer
Puzzle
Country
Pokémon
The Office
Song
Your Account Isn't Verified!
In order to create a playlist on Sporcle, you need to verify the email address you used during registration. Go to your
Sporcle Settings
to finish the process.
Report this User
Report this user for behavior that violates our
Community Guidelines
.
Details:
Send Report
Go to the Sporcle.com Mobile Site →
Comments